000 00594nas a2200229 4500
001 BR9104379
003 BR-BrBNA
005 20231205092201.0
007 ta
008 230509b bl.|||p| |||| 00| 00por d
040 _aBR-BrBNA
_bpor
_cBiblioteca Nacional de Agricultura
041 _a(Pt)
072 _aF01
100 1 _aAnon.
245 1 _aO aspargo desponta no sul
650 _aASPARGO
650 _aPLANTIO
650 _aCOLHEITA
773 0 _tGuia Rural (Brazil)
_x
_g(Nov 1990), v. 4(11) p. 70-71
_wBR9104379
909 _a202311
_bLúcia
_c55
_dLúcia Elande
942 _2AGRIS
_n0
_cANA
999 _c129932
_d129932